01723nam a2200445 i 450000100060000000300080000600500170001400600190003100700150005000800410006502000270010602000280013303500220016104000310018305000240021408000140023808200140025224501800026626400520044630000580049833600310055633700330058733800430062050000220066358800830068565000220076865000270079065000330081765000380085065000420088865000430093065000240097365000320099765500270102970000420105670000380109870000400113670000380117685600630121429739FINmELB20241216220522.0m o d | cr cnu||||||||220222s2020 ck a o 001 0 spa d a9789587252781q(print) a9789587252798q(e-book) a(OCoLC)1304900918 aFINmELBbspaerdacFINmELB 4aTS171.D4bD611 2020 a658.512.204a745.222300aDiseño latinoamericano :bdiez miradas a una historia en construcción /cMarina Garone Gravier [y otros doce] ; editoras Verónica Estela Devalle y Marina Garone Gravier. 1aBogotá, Colombia :bEditeorial Utadeo,c2020. a1 recurso en línea (461 páginas) :bilustraciones atextobtxt2rdacontent/spa acomputadorabc2rdamedia/spa arecurso en líneabcr2rdacarrier/spa aIncluye índice. aDescripción basada en metadatos suministrados por el editor y otras fuentes. 0aDesignxHistoria. 0aDesignzLatin America. 0aGraphic artszLatin America. 0aIndustrial designzLatin America. 4aDiseño gráficozAmérica Latina. 4aDiseño industrialzAmérica Latina. 4aDiseñoxHistoria. 4aDiseñozAmérica Latina. 4aLibros electrónicos.1 aDevalle, Verónica Estela,eeditora.1 aGarone Gravier, Marina,eeditora.1 aGiraldo Barreto, Marco,eprólogo.1 aGuzmán Diana Paola,eprólogo.40uhttps://elibro.net/ereader/politecnicointernacional/147379